| 000 | 00817nam a2200241 i 4500 | ||
|---|---|---|---|
| 001 | 66517 | ||
| 003 | ES-MaACL | ||
| 005 | 20231005063110.0 | ||
| 007 | t| | ||
| 008 | 970428s1984 sp a ||||0| spa d | ||
| 020 | _a84-398-1936-6 | ||
| 040 |
_aM-BN _bspa _cM-BN |
||
| 080 | _a061.236.3(464.1M.) Círculo Catalán(091) | ||
| 100 | 1 |
_aBuqueras y Bach, Ignacio, _d1942- _9137449 |
|
| 245 | 1 | 0 |
_aCataluña en Madrid: el Círculo Catalán, 1952-1983 / _cIgnacio Buqueras y Bach. |
| 250 | _a1ª ed. | ||
| 260 |
_a[S.l. : _bs.n.], _c1984 ( _eMadrid : _fMariarsa) |
||
| 300 |
_a260 p. : _bil. ; _c24 cm. |
||
| 500 | _aCelebración del XXX aniversario del Círculo Catalán de Madrid. | ||
| 610 | 2 | 7 |
_aCírculo Catalán de Madrid. _92811 |
| 852 |
_aES-MaACL _jL-27005 _bR.132675 |
||
| 999 |
_c66517 _d66517 |
||